000 00716nam a2200289Ia 4500
005 20260324122020.0
008 008 260324s9999 xx 000 0 eng d
020 _a9780203073773
037 _aEBOOK
040 _aCRL
040 _beng
040 _cCRL
041 _2eng
041 _aeng
084 _qCRL
100 _aDavid Gold; Catherine L. Hobbs
_91164782
245 0 _aRhetoric, History, and Women's Oratorical Education
245 0 _bAmerican Women Learn to Speak
260 _bTaylor and Francis
260 _c2013
365 _a
365 _b255
856 _uhttp://www.taylorfrancis.com/books/9780203073773
942 _cEBOOK
999 _c1757221
_d1757221